Eurasian movies, which country? - Statistics

General Stats
  • This quiz has been taken 6 times
  • The average score is 24 of 55
Answer Stats
Hint Answer % Correct
Crouching Tiger, Hidden Dragon China
100%
Amélie France
100%
Léon: the Professional France
100%
Das Boot Germany
100%
Lisbon Story Portugal
100%
Train to Busan South Korea
100%
Trainspotting UK
100%
Saigon, I Love You Vietnam
100%
Metropolis Germany
80%
Princess Mononoke Japan
80%
Janym Qazaqstan Kazakhstan
80%
A Clockwork Orange UK
80%
Raise the Red Lantern China
60%
Blue is the Warmest Color France
60%
Nosferatu Germany
60%
The Good, the Bad and the Ugly Italy
60%
Italy
60%
Grave of the Fireflies Japan
60%
Ghost in the Shell Japan
60%
Battleship Potemkin Russia/USSR
60%
Show Me Love (F*n Åmål) Sweden
60%
Snatch UK
60%
Kingsman: the Secret Service UK
60%
Hot Fuzz UK
60%
Drunken Master China
40%
The Hunt (Jagten) Denmark
40%
Sisu Finland
40%
Run Lola Run Germany
40%
Downfall Germany
40%
Bicycle Thieves Italy
40%
Suspiria Italy
40%
Svidd Neger Norway
40%
Pan's Labyrinth Spain
40%
Volver Spain
40%
In the Mood For Love China
20%
Dancer in the Dark Denmark
20%
Le Samouraï France
20%
Irreversible France
20%
Oldboy South Korea
20%
[•REC] Spain
20%
Fanny and Alexander Sweden
20%
Heidi Switzerland
20%
Antichrist Denmark
0%
The Class (Klass) Estonia
0%
Rare Exports: a Christmas tale Finland
0%
Dogtooth Greece
0%
The Raid Indonesia
0%
The Wind That Shakes the Barley Ireland
0%
Love Exposure Japan
0%
Headhunters Norway
0%
Dead Snow Norway
0%
Stalker Russia/USSR
0%
Come and See Russia/USSR
0%
The Wailing South Korea
0%
Shutter (2004) Thailand
0%
No matching quizzes found
Score Distribution
Percent of People with Each Score
Percentile by Number Answered
Your Score History
You have not taken this quiz